America's Got Talent Winners - Statistics

General Stats
  • This quiz has been taken 13 times
    7 since last reset
  • The average score is 10 of 15
Answer Stats
Season Year Act Type Winner % Correct
14 2019 Singer Kodi Lee
100%
1 2006 Singer Bianca Ryan
75%
12 2017 Ventriloquist Darci Lynne
75%
8 2013 Martial Arts/ Dance Mime Kenichi Ebina
75%
6 2011 Singer Landau Eugene Murphy Jr
75%
7 2012 Dog Trick Olate Dogs
75%
13 2018 Magician Shin Lim
75%
2 2007 Singing Impressionist and Ventriloquist Terry Fator
75%
15 2020 Poet Brandon Leake
50%
11 2016 Singer Grace Vanderwaal
50%
4 2009 Country Musician Kevin Skinner
50%
9 2014 Singer Mat Franco
50%
5 2010 Singer / Musician Michael Grimm
50%
3 2008 Opera Singer Neal Boyd
50%
10 2015 Ventriloquist Paul Zerdin
50%
No matching quizzes found
Score Distribution
Percent of People with Each Score
Percentile by Number Answered
Your Score History
You have not taken this quiz since the last reset